000 00410cam a22001217a 4500
008 180718b1979 xxu||||| |||| 00| 0 eng d
082 _aA81x54 In2/71/7/PT2C/2
100 _aCensus of India 1971
245 _aHimachal Pradesh: social and cultural tables
260 _aDelhi
_bThe Controller of Publications
_c1979
300 _a107+p.
440 _aCensus of India 1971. Series-7, Himachal Pradesh. Part II-C (ii)
999 _c485137
_d485137